Literacy and industrialization : the dispossession of speech

Bibliographic Details
Published in:Literacy and social development in the West, ed. by Harvey J. Graff, Cambridge, 1981, P. 286-304 (Cambridge studies in oral and literate culture)
Main Author: Verne, E.
Content type: Article
Published: 1981
Source:MPIPL_cat

MARC

LEADER 00000naa a2200000 u 4500
001 PL0051222
003 PLI01000000000000000050972
005 00000000000000.0
008 ||| u
100 1 |a Verne, E. 
245 0 0 |a Literacy and industrialization  |b the dispossession of speech  |c E. Verne 
260 |c 1981 
773 0 8 |t Literacy and social development in the West  |a ed. by Harvey J. Graff  |d Cambridge, 1981  |g P. 286-304  |k Cambridge studies in oral and literate culture  |w MPIPL_cat.PL0051207  |z 0-521-23954-0  |i In: 
952 |j 1981  |h P. 286-304 
996 |a Aufsatz 
997 |a book chapter